Statistics for Highest Terrorist Affected Countries

Click here to take the quiz!

General Stats

  • This quiz has been taken 530 times
  • The average score is 6 of 10

Answer Stats

Ranking Answer % Correct
#1Iraq
94%
#2Pakistan
86%
#3Afghanistan
84%
#4India
76%
#5Yemen
61%
#6Somalia
58%
#7Nigeria
55%
#9Russia
55%
#10Philippines
31%
#8Thailand
25%

Score Distribution

Percentile by Number Answered

Percent of People with Each Score

Your Score History

You have not taken this quiz